00338nam a22001457a 4500003000400000005001700004008004100021020001500062040000700077082001300084100001300097245005500110260001900165300000800184OSt20220117142809.0220117b |||||||| |||| 00| 0 eng d a0340676477 cHU a620.0042 aSlinn M. aTraffic Engineering Design Principles And Practice aLondonbLondon f208